Nazwy klubów ze zbiornikiem wodnym - Statystyki

Ogólne statystyki
  • Ten quiz został rozwiązany 20 razy
  • Średni wynik to 5 z 11
Statystyki odpowiedzi
Liga Klub % Poprawnych
I liga Wisła Kraków
100%
I liga Odra Opole
85%
II liga Warta Poznań
85%
Ekstraklasa Wisła Płock
85%
III liga Wigry Suwałki
45%
III liga Wisłoka Dębica
25%
III liga Warta Sieradz
20%
III liga Wda Świecie
20%
III liga Noteć Czarnków
15%
III liga Warta Gorzów Wielkopolski
10%
III liga Lipno Stęszew
5%
Nie znaleziono quizów pasujących do podanych kryteriów
Rozkład punktacji
Procent ludzi z każdym wynikiem
Percentyl według liczby udzielonych odpowiedzi
Twoja historia wyników
Nie rozwiązałeś tego quizu